Pays qui partagent ces régions n°3 - Statistiques

Statistiques générales
  • Ce quiz a été pris 288 fois
  • Le résultat moyen est 18 sur 24
Statistiques - réponses
Région partagée Pays % Correct
Catalogne Espagne
99%
Péninsule coréenne Corée du Nord
98%
Péninsule coréenne Corée du Sud
98%
Catalogne France
98%
Nouvelle-Guinée Papouasie Nouvelle Guinée
86%
Nouvelle-Guinée Indonesie
84%
Levant Turquie
82%
Hispaniola Haiti
81%
Levant Jordanie
81%
Levant Irak
80%
Levant Israel
80%
Hispaniola République Dominicaine
79%
Levant Syrie
79%
Levant Liban
78%
Levant Egypte
71%
lac Peïpous Russie
70%
Silésie Allemagne
67%
Épire Grece
67%
Silésie Pologne
67%
Silésie Republique Tchéque
60%
Levant Chypre
58%
Épire Albanie
56%
Levant Territoires palestiniens
43%
lac Peïpous Estonie
38%
Aucun quiz correspondant
Distribution des résultats
% des personnes avec chaque résultat
Percentile par nombre de réponses
Votre historique - résultats
Vous n’avez pas pris ce quiz